=LDR 00000nam 2200000 4500 =001 INLIS000000000031817 =005 20130612133851 =008 ***********************************ind** =035 ##$$0010-061300000031817 =041 ##$$a ind =082 ##$$a 910.3 =090 ##$$a R.910.3, Ens e =245 ##$$a Ensiklopedi Geografi , Ensiklopedi Geografi Dunia Untuk Pelajar dan Umum , Editor Yulian Halon, Lyn Bresles =260 ##$$a 2007 $b Jakarta =300 ##$$a Jil , Illus , 32 cm =650 ##$$a GEOGRAFI-ENSIKLOPEDI =850 ##$$a NBPNMAT